| 000 | 01334ncm a2200361 c 4500 | ||
|---|---|---|---|
| 999 |
_c307333 _d307333 |
||
| 003 | BLK | ||
| 005 | 20241011005338.0 | ||
| 008 | 180414b bul |a|er|||| |0| c|bulo| | ||
| 010 | _aNOT00001898000 | ||
| 040 | _aBLK | ||
| 041 |
_aDEU _cDEU |
||
| 080 |
_aМузика за пиано. Етюди, технически упражнения. Начални школи. _b786.2.087.5 _z786.2.087.5 |
||
| 100 | 1 |
_aДюверноа, Жан Баптист _eпърви автор _966146 |
|
| 139 |
_aДювернуа, Жан Баптист _bД 97 |
||
| 245 | 1 | 0 |
_aElementarunterricht _b[Funfundzwanzig] 25 leichten und forschreitenden Studien fur Klavier _cЖан Баптист Дюверноа; rev. Adolf Ruthardt; * Jean Baptiste Duvernoy. _sOp.176 |
| 257 | _aDEU | ||
| 260 |
_bPeters 3277 _cS. a. |
||
| 300 |
_a32 с. _c29 см |
||
| 380 | _a7 | ||
| 650 | 0 |
_aПиано - етюди _9353307 |
|
| 653 | _aпиано | ||
| 653 | _aетюди | ||
| 700 | 1 |
_aRuthardt, Adolf _erev. _9388884 |
|
| 700 | 1 |
_aDuvernoy, Jean Baptiste _e* _99203 |
|
| 852 |
_aЦб М ІІ 2670 _p0 |
||
| 856 | 4 |
_qpdf _u |
|
| 856 | 4 |
_qpdf _u |
|
| 942 |
_cNOT _n0 _09 _s1 |
||
| 944 |
_aCR _c22.07.2006 _k _lCRON CRON |
||
| 944 |
_aED _c22.03.2018 _kВиолета_Тройчева |
||
| 999 | _d307333 | ||
| 999 | _d307333 | ||